Aproximácia slovenského poistného práva s právom Európskej únie

Uložené v:
Podrobná bibliografia
Hlavný autor: Meluchová, Jitka, 1965-
Ďalší autori: Juhászová, Zuzana, 1970-
Médium: Kapitola
Jazyk:Slovak
Tagy: Pridať tag
Žiadne tagy, Buďte prvý, kto otaguje tento záznam!

MARC

LEADER 00000naa$a2200000$$$4500
001 0085106
005 20240502071952.4
041 0 |a slo 
044 |a SK 
245 1 0 |a Aproximácia slovenského poistného práva s právom Európskej únie  |c Jitka Meluchová, Zuzana Juhászová 
100 1 |a Meluchová, Jitka, 1965- 
700 1 |a Juhászová, Zuzana, 1970-